| 000 | 00541nam a22001937a 4500 | ||
|---|---|---|---|
| 999 |
_c5953 _d5953 |
||
| 003 | GBCCL | ||
| 005 | 20241126110553.0 | ||
| 008 | 180418b ||||| |||| 00| 0 eng d | ||
| 020 | _a0871232170 | ||
| 040 | _cgbc | ||
| 082 |
_a234.8 _bHEG |
||
| 100 |
_aHegre, T.A. _910765 |
||
| 245 |
_aHow to find freedom from the power of sin / _cT.A. Hegre |
||
| 247 | _aThe will of God... Your Sanctification | ||
| 260 |
_aMinnesota: _bBethany Fellowship, Inc., _c1961 |
||
| 300 |
_a95 p.; _c18 cm. |
||
| 650 |
_aSanctification _98609 |
||
| 942 |
_2ddc _cBK |
||